[Event "FICS rated blitz game"]
[Site "FICS freechess.org"]
[Date "2018.01.22"]
[Round "?"]
[White "franguly"]
[Black "playingforfun"]
[Result "1-0"]
[WhiteElo "1333"]
[BlackElo "1354"]
[PlyCount "69"]
[EventDate "2018.??.??"]
[EventType "blitz"]

1. e4 e5 2. Nf3 Nc6 3. c3 d6 4. d4 exd4 5. cxd4 Nf6 6. Bd3 Be7 7. a3 O-O 8. Qc2
h6 9. O-O Bg4 10. Nbd2 a6 11. b4 Qc8 12. Bb2 Nd8 13. e5 dxe5 14. dxe5 Nd5 15.
Nd4 Nf4 16. Bf5 Bxf5 17. Qxf5 Qxf5 18. Nxf5 Bg5 19. Nf3 Nde6 20. Nxg5 Nxg5 21.
g3 Nd3 22. Bc3 Nf3+ 23. Kg2 Nfxe5 24. f4 Nc4 25. Bxg7 Rfe8 26. Bxh6 Re2+ 27.
Kg1 Kh7 28. Bg5 Kg6 29. Ne7+ Kh5 30. h3 Ne3 31. g4+ Nxg4 32. hxg4+ Kxg4 33. Nd5
Rh8 34. Nf6+ Kg3 35. Rf3+ 1-0

[Event "FICS rated blitz game"]
[Site "FICS freechess.org"]
[Date "2018.01.22"]
[Round "?"]
[White "isaa"]
[Black "Gedonis"]
[Result "0-1"]
[WhiteElo "1254"]
[BlackElo "1382"]
[PlyCount "98"]
[EventDate "2018.??.??"]
[EventType "blitz"]

1. e4 e5 2. Nf3 Nc6 3. c3 Nf6 4. Bb5 d6 5. d3 Bd7 6. Bc4 Na5 7. Bb3 b6 8. a3
Nxb3 9. Qxb3 Be6 10. c4 Be7 11. Qc3 O-O 12. b4 c6 13. Ng5 Qd7 14. h3 h6 15. Nf3
Nh5 16. g4 Bxg4 17. hxg4 Qxg4 18. Nh2 Qg2 19. Rf1 Qxh2 20. d4 Bh4 21. Be3 Nf4
22. Nd2 Ng2+ 23. Ke2 Nf4+ 24. Bxf4 Qxf4 25. Nf3 Bf6 26. d5 Qxe4+ 27. Qe3 Qxe3+
28. fxe3 cxd5 29. cxd5 Rac8 30. Kd3 Rfe8 31. e4 Rc7 32. Rh1 Rec8 33. Nd2 Rc3+
34. Ke2 Bg5 35. a4 Rc2 36. Rad1 Bxd2 37. Rxd2 Rxd2+ 38. Kxd2 Rc4 39. Kd3 Rxb4
40. a5 b5 41. Ra1 a6 42. Kc3 Rc4+ 43. Kd3 g5 44. Rf1 Kg7 45. Rf2 Kg6 46. Rh2 f6
47. Rh3 f5 48. exf5+ Kxf5 49. Rxh6 Rd4+ 0-1

[Event "FICS rated blitz game"]
[Site "FICS freechess.org"]
[Date "2018.01.22"]
[Round "?"]
[White "morts"]
[Black "Florinato"]
[Result "0-1"]
[WhiteElo "1192"]
[BlackElo "1223"]
[PlyCount "46"]
[EventDate "2018.??.??"]
[EventType "blitz"]

1. e4 e5 2. Nf3 Nc6 3. c3 d5 4. exd5 Qxd5 5. d3 Nf6 6. Be2 Bc5 7. O-O h6 8.
Nbd2 e4 9. c4 Qe6 10. dxe4 Nxe4 11. Nxe4 Qxe4 12. Bd3 Qe7 13. Re1 Be6 14. Bf5
O-O 15. Bxe6 fxe6 16. Ne5 Bxf2+ 17. Kh1 Nxe5 18. Rxe5 Rad8 19. Qe2 Qh4 20. Be3
Bg3 21. h3 Bxe5 22. Bc5 Qg3 23. Kg1 Qh2# {White checkmated} 0-1

[Event "FICS rated standard game"]
[Site "FICS freechess.org"]
[Date "2018.01.22"]
[Round "?"]
[White "ruilopez"]
[Black "Navarrra"]
[Result "1-0"]
[WhiteElo "1545"]
[BlackElo "1664"]
[PlyCount "57"]
[EventDate "2018.??.??"]

1. e4 e5 2. Nf3 Nc6 3. c3 Nf6 4. Qc2 Bc5 5. b4 Bb6 6. a4 a5 7. b5 Ne7 8. Nxe5
d5 9. exd5 Nexd5 10. d4 O-O 11. Bd3 Re8 12. Bg5 h6 13. Bh4 Nf4 14. O-O Nxd3 15.
Qxd3 Be6 16. Nd2 Bd5 17. c4 Be6 18. c5 Ba7 19. Ne4 g5 20. Nxg5 hxg5 21. Bxg5
Kg7 22. Rad1 Qd5 23. Qg3 Ne4 24. Qh4 Nxg5 25. Qxg5+ Kh7 26. Rd3 Rh8 27. Qh5+
Kg7 28. Rg3+ Kf6 29. Qg5# {Black checkmated} 1-0

[Event "FICS rated blitz game"]
[Site "FICS freechess.org"]
[Date "2018.01.22"]
[Round "?"]
[White "RADACK"]
[Black "StrangeDelerium"]
[Result "0-1"]
[WhiteElo "1529"]
[BlackElo "1489"]
[PlyCount "78"]
[EventDate "2018.??.??"]
[EventType "blitz"]

1. e4 e5 2. Nf3 Nc6 3. c3 h5 4. d4 d5 5. exd5 Qxd5 6. Be2 Bg4 7. O-O O-O-O 8.
c4 Qe4 9. Nc3 Qf5 10. d5 e4 11. Nd4 Nxd4 12. Qxd4 Bxe2 13. Nxe2 c5 14. Qe3 Nf6
15. Nc3 Ng4 16. Qf4 Qg6 17. h3 Bd6 18. Qg5 Qxg5 19. Bxg5 f6 20. Be3 Nxe3 21.
fxe3 g5 22. Nxe4 g4 23. h4 Bb8 24. Nxf6 Rh6 25. e4 Rf8 26. Nxh5 Rxf1+ 27. Rxf1
Rxh5 28. Rf8+ Kc7 29. Rg8 Rxh4 30. e5 Kb6 31. e6 Bd6 32. Rd8 Be7 33. Rd7 Bf6
34. e7 Bd4+ 35. Kf1 Rh1+ 36. Ke2 Rh8 37. Rd8 Rh7 38. e8=Q g3 39. Qb5+ Kc7 0-1

[Event "FICS rated blitz game"]
[Site "FICS freechess.org"]
[Date "2018.01.22"]
[Round "?"]
[White "morts"]
[Black "nicolasm"]
[Result "0-1"]
[WhiteElo "1171"]
[BlackElo "1255"]
[PlyCount "76"]
[EventDate "2018.??.??"]
[EventType "blitz"]

1. e4 e5 2. Nf3 Nc6 3. c3 Nf6 4. d3 Bc5 5. g3 Ng4 6. d4 exd4 7. cxd4 Bb4+ 8.
Bd2 Bxd2+ 9. Nbxd2 O-O 10. Bg2 d6 11. O-O Nf6 12. e5 dxe5 13. dxe5 Nd5 14. Nc4
Be6 15. Nd4 Nxd4 16. Qxd4 c6 17. Ne3 Nxe3 18. Qxe3 Qe7 19. a3 a6 20. b4 Rad8
21. f4 Bd5 22. Rad1 Bxg2 23. Kxg2 Rd7 24. Rxd7 Qxd7 25. h4 Rd8 26. Rf2 Qd5+ 27.
Kh3 Qe6+ 28. g4 h5 29. f5 hxg4+ 30. Kxg4 Qc4+ 31. Rf4 Qd5 32. e6 fxe6 33. fxe6
Re8 34. e7 Qd7+ 35. Kh5 Rxe7 36. Qa7 Re5+ 37. Kg6 Qe6+ 38. Rf6 Qxf6# {White
checkmated} 0-1

[Event "FICS rated blitz game"]
[Site "FICS freechess.org"]
[Date "2018.01.22"]
[Round "?"]
[White "kiknit"]
[Black "johano"]
[Result "0-1"]
[WhiteElo "1416"]
[BlackElo "1369"]
[PlyCount "58"]
[EventDate "2018.??.??"]
[EventType "blitz"]

1. e4 e5 2. Nf3 Nc6 3. c3 Bc5 4. d4 exd4 5. cxd4 Bb4+ 6. Nc3 d6 7. Be2 Nge7 8.
O-O O-O 9. a3 Ba5 10. b4 Bb6 11. d5 Ne5 12. Ng5 h6 13. Bh5 hxg5 14. Bxg5 f6 15.
Bf4 N7g6 16. Bc1 Kf7 17. Kh1 Rh8 18. f4 Bg4 19. Bxg4 Nxg4 20. Qxg4 Rh4 21. Qg3
Qh8 22. f5 Ne5 23. Bf4 Ng4 24. h3 Ne5 25. Bxe5 dxe5 26. Qg6+ Ke7 27. d6+ Kxd6
28. Qf7 Rxh3+ 29. gxh3 Qxh3# {White checkmated} 0-1

[Event "FICS rated blitz game"]
[Site "FICS freechess.org"]
[Date "2018.01.22"]
[Round "?"]
[White "NicolausSilver"]
[Black "LokiStormbringer"]
[Result "1-0"]
[WhiteElo "1314"]
[BlackElo "1290"]
[PlyCount "53"]
[EventDate "2018.??.??"]
[EventType "blitz"]

1. e4 e5 2. Nf3 Nc6 3. c3 d6 4. b4 a6 5. Bc4 h6 6. d3 Nf6 7. Nh4 b5 8. Bb3 a5
9. a3 axb4 10. cxb4 Nxb4 11. O-O Na6 12. f4 Nc5 13. Bxf7+ Kxf7 14. f5 Ra4 15.
Nc3 Ra6 16. a4 b4 17. Nb5 Bd7 18. Be3 Bxb5 19. Bxc5 dxc5 20. Qb3+ Ke8 21. axb5
Ra3 22. Rxa3 bxa3 23. Qxa3 c4 24. dxc4 Nxe4 25. Qa4 Qd4+ 26. Kh1 Bc5 27. b6+
1-0

[Event "FICS rated standard game"]
[Site "FICS freechess.org"]
[Date "2018.01.22"]
[Round "?"]
[White "CarveItUp"]
[Black "MRKumar"]
[Result "1/2-1/2"]
[WhiteElo "1676"]
[BlackElo "1722"]
[PlyCount "110"]
[EventDate "2018.??.??"]

1. e4 e5 2. Nf3 Nc6 3. c3 Bc5 4. b4 Bb6 5. b5 Nce7 6. Nxe5 Nf6 7. d3 O-O 8. Nf3
d5 9. e5 Nd7 10. d4 Ng6 11. Bd3 c5 12. Bxg6 fxg6 13. O-O cxd4 14. cxd4 Rxf3 15.
gxf3 Qh4 16. f4 g5 17. Qf3 g4 18. Qg3 Qxg3+ 19. fxg3 Bxd4+ 20. Kg2 Bxa1 21. Ba3
Bd4 22. Nd2 Bb6 23. e6 Nf6 24. f5 g6 25. Bb2 gxf5 26. Bxf6 Bxe6 27. Re1 Bf7 28.
Nb3 Rc8 29. a4 Rc2+ 30. Kh1 d4 31. a5 Bd5+ 32. Kg1 Rg2+ 33. Kf1 Bc7 34. Re8+
Kf7 35. Re7+ Kxf6 36. Rxc7 Rxh2 37. Nxd4 Kg5 38. Rd7 Be4 39. Ne6+ Kf6 40. Nc5
Rh3 41. Nxe4+ fxe4 42. Kg2 Rh5 43. Rxb7 e3 44. Rxa7 Rxb5 45. a6 Rb2+ 46. Kf1
Kf5 47. Rxh7 Ra2 48. a7 Ke4 49. Rg7 Kf3 50. Rf7+ Kxg3 51. Re7 Kf3 52. Rf7+ Ke4
53. Re7+ Kd3 54. Rd7+ Ke4 55. Re7+ Kd3 1/2-1/2

[Event "FICS rated lightning game"]
[Site "FICS freechess.org"]
[Date "2018.01.22"]
[Round "?"]
[White "rendelan"]
[Black "Extremelybad"]
[Result "1-0"]
[WhiteElo "1959"]
[BlackElo "1973"]
[PlyCount "59"]
[EventDate "2018.??.??"]

1. e4 e5 2. Nf3 Nc6 3. c3 d5 4. Qa4 Bd7 5. exd5 Nd4 6. Qd1 Nxf3+ 7. Qxf3 Bd6 8.
h3 Nf6 9. d3 e4 10. dxe4 Qe7 11. Bd3 O-O-O 12. O-O Qe5 13. g3 Bxh3 14. Bf4 Qe7
15. Re1 Be5 16. Bxe5 Qxe5 17. Qf4 Qxf4 18. gxf4 Nh5 19. Kh2 Bd7 20. f5 Nf4 21.
Kg3 Nxd3 22. Nd2 Nxe1 23. Rxe1 Rde8 24. Rh1 h5 25. f3 g5 26. Rg1 f6 27. Kf2 h4
28. Nc4 b5 29. Ne3 Re5 30. Ng4 1-0

[Event "FICS rated lightning game"]
[Site "FICS freechess.org"]
[Date "2018.01.22"]
[Round "?"]
[White "rendelan"]
[Black "Extremelybad"]
[Result "0-1"]
[WhiteElo "1975"]
[BlackElo "1957"]
[PlyCount "88"]
[EventDate "2018.??.??"]

1. e4 e5 2. Nf3 Nc6 3. c3 f5 4. exf5 e4 5. Nd4 Nxd4 6. cxd4 Nf6 7. Bc4 d5 8.
Bb3 Bxf5 9. O-O Bd6 10. d3 Bxh2+ 11. Kxh2 Ng4+ 12. Kg1 Qd6 13. g3 e3 14. Bxe3
Nxe3 15. fxe3 Qxg3+ 16. Kh1 O-O 17. Bxd5+ Kh8 18. Bg2 Bg4 19. Nc3 Bxd1 20.
Raxd1 Rf2 21. Rxf2 Qxf2 22. Nd5 h6 23. Nxc7 Rc8 24. Ne6 Qxb2 25. Rg1 Qxa2 26.
Bxb7 Qxe6 27. Bxc8 Qxc8 28. Kg2 Qg4+ 29. Kf2 Qxg1+ 30. Kxg1 a5 31. e4 a4 32. d5
a3 33. d6 a2 34. d7 a1=Q+ 35. Kf2 Qd4+ 36. Kf3 Qxd7 37. Ke3 h5 38. d4 h4 39. e5
h3 40. Ke4 h2 41. d5 h1=Q+ 42. Kd4 Qdxd5+ 43. Kc3 Qh3+ 44. Kb4 Qhb3# {White
checkmated} 0-1

[Event "FICS rated blitz game"]
[Site "FICS freechess.org"]
[Date "2018.01.22"]
[Round "?"]
[White "denk"]
[Black "estebanez"]
[Result "1-0"]
[WhiteElo "1400"]
[BlackElo "1303"]
[PlyCount "61"]
[EventDate "2018.??.??"]
[EventType "blitz"]

1. e4 e5 2. Nf3 Nc6 3. c3 d6 4. Bc4 h6 5. O-O Bg4 6. Re1 Nf6 7. Qb3 Qd7 8. d4
Bxf3 9. gxf3 Na5 10. Qb5 Qxb5 11. Bxb5+ c6 12. dxe5 dxe5 13. Bd3 b5 14. f4 exf4
15. Bxf4 Be7 16. b4 Nb7 17. e5 Nd5 18. Bg3 O-O 19. Nd2 Nxc3 20. Re3 Nd5 21. Re4
Bxb4 22. Nf3 Rad8 23. Bc2 Nc5 24. Rg4 Ne6 25. Bb3 a5 26. Nh4 a4 27. Bxd5 Rxd5
28. Nf5 Re8 29. Rxb4 Kf8 30. Rc1 c5 31. Rxb5 {Black resigns} 1-0

[Event "FICS rated blitz game"]
[Site "FICS freechess.org"]
[Date "2018.01.22"]
[Round "?"]
[White "franguly"]
[Black "replywalker"]
[Result "1-0"]
[WhiteElo "1346"]
[BlackElo "1478"]
[PlyCount "51"]
[EventDate "2018.??.??"]
[EventType "blitz"]

1. e4 e5 2. Nf3 Nc6 3. c3 d6 4. d4 exd4 5. cxd4 Nf6 6. Bd3 Be7 7. a3 Bg4 8. Be3
O-O 9. Nbd2 h6 10. O-O Re8 11. h3 Bh5 12. Qc2 Bf8 13. d5 Bg6 14. dxc6 bxc6 15.
Qxc6 Rb8 16. Rab1 Qd7 17. Qxd7 Nxd7 18. Bxa7 Rbc8 19. Ba6 Ra8 20. Bb5 Red8 21.
Bxd7 Rxd7 22. Be3 d5 23. e5 Bxb1 24. Rxb1 Rb8 25. Bd4 Bxa3 26. bxa3 1-0

[Event "FICS rated blitz game"]
[Site "FICS freechess.org"]
[Date "2018.01.22"]
[Round "?"]
[White "awitaliy"]
[Black "guillon"]
[Result "1/2-1/2"]
[WhiteElo "1333"]
[BlackElo "1339"]
[PlyCount "116"]
[EventDate "2018.??.??"]
[EventType "blitz"]

1. e4 e5 2. Nf3 Nc6 3. c3 d6 4. h3 f5 5. exf5 Bxf5 6. d4 e4 7. Nh2 d5 8. Bb5 a6
9. Bxc6+ bxc6 10. O-O Nf6 11. f3 Be7 12. fxe4 Bxe4 13. Nd2 Bd3 14. Rf3 Bg6 15.
c4 O-O 16. cxd5 cxd5 17. Rf1 c5 18. Nb3 cxd4 19. Nxd4 Bc5 20. Kh1 Ne4 21. Rxf8+
Qxf8 22. Ng4 Ng3+ 23. Kh2 Bd6 24. Ne6 Nh5+ 25. Kh1 Qf5 26. Nd4 Qe4 27. Nf3 Ng3+
28. Kg1 Bh5 29. Bd2 Bxg4 30. hxg4 Qxg4 31. Be1 Bc5+ 32. Bf2 Bxf2+ 33. Kxf2 Ne4+
34. Kg1 Re8 35. Qxd5+ Qe6 36. Qxe6+ Rxe6 37. Re1 Kf7 38. Rf1 Rf6 39. b4 Nc3 40.
a3 Na4 41. Ne5+ Ke6 42. Rxf6+ gxf6 43. Nc4 h6 44. Kf2 f5 45. g3 Kd5 46. Ne3+
Kd4 47. Nxf5+ Kc3 48. Nxh6 Kb3 49. g4 Kxa3 50. g5 Kxb4 51. g6 Nc5 52. g7 a5 53.
g8=Q a4 54. Qg4+ Kb3 55. Nf5 a3 56. Nd4+ Kc3 57. Qf3+ Kxd4 58. Qxa3 Nd3+
1/2-1/2

[Event "FICS rated blitz game"]
[Site "FICS freechess.org"]
[Date "2018.01.22"]
[Round "?"]
[White "hoelt"]
[Black "guiga"]
[Result "0-1"]
[WhiteElo "1245"]
[BlackElo "1396"]
[PlyCount "72"]
[EventDate "2018.??.??"]
[EventType "blitz"]

1. e4 e5 2. Nf3 Nc6 3. c3 d6 4. d4 exd4 5. Nxd4 Nxd4 6. Qxd4 Nf6 7. Bg5 Be7 8.
e5 dxe5 9. Qxe5 O-O 10. Be2 g6 11. O-O Be6 12. Nd2 Nd7 13. Qg3 Bxg5 14. Ne4 Be7
15. Rad1 Qc8 16. b3 Nf6 17. Ng5 Bf5 18. Bd3 Bd6 19. Qf3 Bxd3 20. Rxd3 Qd8 21.
Qxf6 Qxf6 22. Ne4 Qf5 23. f3 Kg7 24. h3 h5 25. Kf2 Qa5 26. a4 Qb6+ 27. Ke2 Qxb3
28. Nxd6 cxd6 29. Kf2 Qxa4 30. Rxd6 Qa2+ 31. Kg1 Qc2 32. Rf2 Qxc3 33. Rdd2 Rfd8
34. Rc2 Qa1+ 35. Kh2 Rac8 36. Rce2 Re8 0-1

[Event "FICS rated standard game"]
[Site "FICS freechess.org"]
[Date "2018.01.22"]
[Round "?"]
[White "Pjani"]
[Black "malachifnord"]
[Result "1-0"]
[WhiteElo "1566"]
[BlackElo "1480"]
[PlyCount "45"]
[EventDate "2018.??.??"]

1. e4 e5 2. Nf3 Nc6 3. c3 Nf6 4. d4 Bd6 5. d5 Ne7 6. Nh4 O-O 7. Qf3 Ng6 8. Nf5
c6 9. c4 cxd5 10. cxd5 Qa5+ 11. Nc3 Nxe4 12. Qxe4 Bb4 13. Bd2 d6 14. a3 Bxf5
15. Qxf5 Bc5 16. h4 Nf4 17. Bxf4 exf4 18. Qxf4 Rfe8+ 19. Be2 Rac8 20. O-O Re5
21. b4 Bxb4 22. Qxb4 Rxc3 23. Qxa5 {Black resigns} 1-0

[Event "FICS rated blitz game"]
[Site "FICS freechess.org"]
[Date "2018.01.22"]
[Round "?"]
[White "proximab"]
[Black "suniyer"]
[Result "0-1"]
[WhiteElo "2169"]
[BlackElo "1781"]
[PlyCount "126"]
[EventDate "2018.??.??"]
[EventType "blitz"]

1. e4 e5 2. Nf3 Nc6 3. c3 Nf6 4. d4 Nxe4 5. d5 Nb8 6. Bd3 Nc5 7. Nxe5 Nxd3+ 8.
Nxd3 d6 9. O-O Be7 10. Re1 O-O 11. Qe2 Bf6 12. h3 Nd7 13. Bf4 b6 14. c4 Nc5 15.
Nxc5 bxc5 16. a3 Bd7 17. Qd2 Re8 18. Nc3 Rxe1+ 19. Rxe1 Qf8 20. Nb5 Qb8 21. Qa5
Bxb5 22. cxb5 Qb6 23. Qxb6 axb6 24. b3 Kf8 25. a4 Re8 26. Rxe8+ Kxe8 27. g4 g6
28. Kg2 Bd4 29. Be3 Bc3 30. g5 Ke7 31. f4 f6 32. h4 f5 33. Kf1 Bg7 34. Bd2 h6
35. Kg2 h5 36. b4 cxb4 37. Bxb4 Bd4 38. Kf3 Kd7 39. Kg2 Bc5 40. Bc3 Be3 41. Kf3
Bc5 42. Ke2 Bg1 43. Kf3 Bc5 44. Bf6 Bb4 45. Ke2 Bc5 46. Ba1 Bb4 47. Bd4 Ba3 48.
Kd3 Bc1 49. Be3 Bxe3 50. Kxe3 Kd8 51. Kd3 Kd7 52. Kd2 Kc8 53. Ke3 Kb7 54. Ke2
Kb8 55. Kd3 Kb7 56. Kd2 Kb8 57. Kd3 Kb7 58. Kd2 Kb8 59. Ke1 Kb7 60. Kf2 Kb8 61.
Kf1 Kb7 62. Ke1 Kb8 63. Kf1 Kb7 0-1

[Event "FICS rated blitz game"]
[Site "FICS freechess.org"]
[Date "2018.01.22"]
[Round "?"]
[White "lailasbar"]
[Black "ChessTheory"]
[Result "1-0"]
[WhiteElo "1462"]
[BlackElo "1464"]
[PlyCount "75"]
[EventDate "2018.??.??"]
[EventType "blitz"]

1. e4 e5 2. Nf3 Nc6 3. c3 Nf6 4. Qc2 Be7 5. a3 O-O 6. d4 d5 7. dxe5 Nxe4 8. Bd3
f5 9. exf6 Nxf6 10. O-O Bg4 11. Nd4 Nxd4 12. cxd4 c6 13. h3 Bh5 14. Nc3 Qd6 15.
g3 Bf3 16. Bf4 Qd7 17. Kh2 Be4 18. Nxe4 dxe4 19. Bc4+ Kh8 20. Be5 Bd6 21. Rad1
Qe7 22. Bxf6 Qxf6 23. Qxe4 Rae8 24. Qd3 Qf3 25. Qxf3 Rxf3 26. Rd3 Ref8 27. Rxf3
Rxf3 28. Kg2 Rf8 29. Rd1 g5 30. b4 Kg7 31. d5 c5 32. b5 b6 33. a4 h5 34. Be2
Kg6 35. Bd3+ Kf6 36. Re1 Rf7 37. Re6+ Kg7 38. Bg6 1-0

[Event "FICS rated blitz game"]
[Site "FICS freechess.org"]
[Date "2018.01.22"]
[Round "?"]
[White "bakonyi"]
[Black "akx"]
[Result "1-0"]
[WhiteElo "2014"]
[BlackElo "1864"]
[PlyCount "65"]
[EventDate "2018.??.??"]
[EventType "blitz"]

1. e4 e5 2. Nf3 Nc6 3. c3 a6 4. d4 exd4 5. cxd4 d5 6. exd5 Qxd5 7. Nc3 Bb4 8.
Bd2 Bxc3 9. bxc3 Nf6 10. Be2 Ne4 11. O-O Nxd2 12. Nxd2 O-O 13. Bf3 Qd6 14. Nc4
Qg6 15. Bxc6 Qxc6 16. Qd3 f6 17. Na5 Qb6 18. Nb3 Qb5 19. c4 Qg5 20. Nc5 Bf5 21.
Qb3 b6 22. Na4 Kh8 23. f4 Qg6 24. Nc3 Rfe8 25. Rf2 Re3 26. Qb2 Rae8 27. Nd5 c6
28. Nxe3 Rxe3 29. Qxb6 h5 30. d5 cxd5 31. Qxe3 Be4 32. cxd5 Bxd5 33. Re1 {
Black resigns} 1-0

[Event "FICS rated standard game"]
[Site "FICS freechess.org"]
[Date "2018.01.22"]
[Round "?"]
[White "Nidifugous"]
[Black "Raph"]
[Result "0-1"]
[WhiteElo "1535"]
[BlackElo "1920"]
[PlyCount "92"]
[EventDate "2018.??.??"]

1. e4 e5 2. Nf3 Nc6 3. c3 d6 4. Bb5 Nge7 5. a4 a6 6. Bc4 Ng6 7. g3 Bh3 8. Qb3
Na5 9. Bxf7+ Ke7 10. Qd5 c6 11. Qa2 d5 12. exd5 Kxf7 13. dxc6+ Ke8 14. cxb7
Nxb7 15. Qc4 Nd6 16. Qc6+ Bd7 17. Qd5 Qc8 18. Nxe5 Nxe5 19. Qxe5+ Be7 20. Qxg7
Rf8 21. O-O Nf5 22. Qe5 Qc6 23. Qe2 Kf7 24. Qh5+ Qg6 25. Qxg6+ hxg6 26. d4 Nd6
27. Nd2 Bh3 28. Re1 Rfe8 29. f3 Bg5 30. Ne4 Nxe4 31. fxe4 Bxc1 32. Raxc1 Rab8
33. b4 Rbc8 34. e5 Ke6 35. Re3 Kd5 36. Kf2 Rf8+ 37. Rf3 Ke4 38. Rxf8 Rxf8+ 39.
Ke2 Bg4+ 40. Kd2 Rf2+ 41. Ke1 Rxh2 42. Kf1 Rh1+ 43. Kg2 Rxc1 44. b5 Rc2+ 45.
Kf1 Kf3 46. b6 Rc1# {White checkmated} 0-1

[Event "FICS rated blitz game"]
[Site "FICS freechess.org"]
[Date "2018.01.22"]
[Round "?"]
[White "willyaplayme"]
[Black "prickler"]
[Result "0-1"]
[WhiteElo "1398"]
[BlackElo "1632"]
[PlyCount "93"]
[EventDate "2018.??.??"]
[EventType "blitz"]

1. e4 e5 2. Nf3 Nc6 3. c3 Bc5 4. Qe2 Nge7 5. d3 O-O 6. Be3 Bb6 7. Bxb6 axb6 8.
a3 d6 9. Nbd2 f5 10. g3 fxe4 11. dxe4 Ng6 12. Bg2 Bg4 13. h4 Qf6 14. Qc4+ Kh8
15. O-O-O Na5 16. Qd5 c6 17. Qd3 Rad8 18. Rde1 d5 19. b4 Nc4 20. Nxc4 dxc4 21.
Qxc4 Bxf3 22. Rhg1 Bxg2 23. Rxg2 Qf3 24. Rgg1 Qd3 25. Qb3 Rxf2 26. Rd1 Qe3+ 27.
Kb1 Rxd1+ 28. Rxd1 Qxe4+ 29. Ka1 Rf8 30. c4 Qf3 31. Qxf3 Rxf3 32. Rd8+ Rf8 33.
Rxf8+ Nxf8 34. Kb2 Kg8 35. Kc2 Kf7 36. Kd2 Ke6 37. Ke3 h6 38. Ke4 Nd7 39. h5
Nf6+ 40. Ke3 Nxh5 41. g4 Nf6 42. a4 Nxg4+ 43. Ke4 Nf6+ 44. Ke3 Kf5 45. a5 bxa5
46. bxa5 g5 47. Kf3 {White resigns} 0-1

[Event "FICS rated blitz game"]
[Site "FICS freechess.org"]
[Date "2018.01.22"]
[Round "?"]
[White "kiknit"]
[Black "doctrpain"]
[Result "0-1"]
[WhiteElo "1405"]
[BlackElo "1457"]
[PlyCount "30"]
[EventDate "2018.??.??"]
[EventType "blitz"]

1. e4 e5 2. Nf3 Nc6 3. c3 Bc5 4. Bc4 Nf6 5. d3 h6 6. O-O d6 7. a3 a6 8. Ba2 Be6
9. Bxe6 fxe6 10. d4 exd4 11. cxd4 Bb6 12. e5 dxe5 13. Qa4 e4 14. Ne5 Qxd4 15.
Nxc6 Qxa4 {White resigns} 0-1

[Event "FICS rated blitz game"]
[Site "FICS freechess.org"]
[Date "2018.01.22"]
[Round "?"]
[White "Fomby"]
[Black "fourkings"]
[Result "0-1"]
[WhiteElo "1456"]
[BlackElo "1592"]
[PlyCount "60"]
[EventDate "2018.??.??"]
[EventType "blitz"]

1. e4 e5 2. Nf3 Nc6 3. c3 Nf6 4. d3 d5 5. Nbd2 Bg4 6. h3 Bd7 7. Qe2 Bd6 8. b4
a6 9. Bb2 O-O 10. a3 Re8 11. g4 h6 12. Bg2 dxe4 13. dxe4 Be6 14. O-O b5 15. Qe3
Nh7 16. Nh4 Qxh4 17. Nf3 Qe7 18. Rac1 Bc4 19. Rfd1 Ng5 20. h4 Nxf3+ 21. Qxf3
Qxh4 22. Qf5 Ne7 23. Qd7 Ng6 24. Rxd6 cxd6 25. Qxd6 Nf4 26. Bf1 Bxf1 27. Kxf1
Qxg4 28. c4 Qe2+ 29. Kg1 Qxb2 30. Rd1 Rad8 {White resigns} 0-1

[Event "FICS rated blitz game"]
[Site "FICS freechess.org"]
[Date "2018.01.22"]
[Round "?"]
[White "lukapav"]
[Black "hejkal"]
[Result "1-0"]
[WhiteElo "1414"]
[BlackElo "1461"]
[PlyCount "79"]
[EventDate "2018.??.??"]
[EventType "blitz"]

1. e4 e5 2. Nf3 Nc6 3. c3 Nf6 4. d3 d5 5. Qc2 a5 6. Be2 Bg4 7. h3 Be6 8. Bg5
dxe4 9. dxe4 Bd7 10. Nbd2 h6 11. Bxf6 Qxf6 12. O-O Bc5 13. Kh2 Qe7 14. Rad1 Ba7
15. a3 O-O 16. b4 axb4 17. axb4 Bb6 18. Nc4 Be3 19. Nxe3 Kh7 20. Nd5 Qd8 21. b5
Ne7 22. Nxe5 Nxd5 23. exd5+ Kh8 24. c4 Qf6 25. Nf3 Qd6+ 26. g3 Kg8 27. c5 Qg6
28. Bd3 Qh5 29. Ng1 Ra3 30. c6 bxc6 31. bxc6 Bg4 32. f3 Bc8 33. Rf2 Re8 34.
Rdd2 Ra1 35. Rd1 Ra3 36. Rfd2 Qxd5 37. Bh7+ Kf8 38. Rxd5 Rae3 39. R1d2 R3e7 40.
Qc5 {Black resigns} 1-0

[Event "FICS rated blitz game"]
[Site "FICS freechess.org"]
[Date "2018.01.22"]
[Round "?"]
[White "Rongley"]
[Black "PetkoPetkov"]
[Result "0-1"]
[WhiteElo "1369"]
[BlackElo "1923"]
[PlyCount "34"]
[EventDate "2018.??.??"]
[EventType "blitz"]

1. e4 e5 2. Nf3 Nc6 3. c3 d5 4. exd5 Qxd5 5. c4 Qd6 6. Nc3 Bf5 7. Be2 a6 8. a4
O-O-O 9. O-O Bd3 10. Bxd3 Qxd3 11. Qe2 f6 12. Qxd3 Rxd3 13. b3 Bc5 14. Ba3 Bxa3
15. Rxa3 Nge7 16. Rd1 Rhd8 17. Ra2 Rxc3 {White resigns} 0-1

[Event "FICS rated blitz game"]
[Site "FICS freechess.org"]
[Date "2018.01.22"]
[Round "?"]
[White "cabo"]
[Black "sdarjee"]
[Result "1-0"]
[WhiteElo "1218"]
[BlackElo "1226"]
[PlyCount "115"]
[EventDate "2018.??.??"]
[EventType "blitz"]

1. e4 e5 2. Nf3 Nc6 3. c3 d5 4. Qc2 dxe4 5. Qxe4 Nf6 6. Qa4 Bd7 7. Qc2 e4 8.
Nd4 Nxd4 9. cxd4 Bc6 10. Nc3 Qxd4 11. Bb5 Bxb5 12. Nxb5 Qd3 13. Qxd3 exd3 14.
Nxc7+ Kd7 15. Nxa8 Bd6 16. O-O Rxa8 17. b3 Bb4 18. a3 Ba5 19. b4 Bb6 20. Bb2
Re8 21. Rfe1 Re2 22. Rxe2 dxe2 23. Bxf6 gxf6 24. Re1 Bd4 25. Rxe2 Be5 26. f3
Kd6 27. g3 b6 28. f4 Bd4+ 29. Kg2 a6 30. Kf3 h6 31. Kg4 Kc6 32. Kh5 Kb5 33. Re4
Bb2 34. Kxh6 Bxa3 35. Kg7 Bxb4 36. Kxf6 Bxd2 37. Kxf7 a5 38. Ke6 a4 39. Rd4 Bc3
40. Rd1 a3 41. g4 a2 42. g5 a1=Q 43. Rxa1 Bxa1 44. f5 Ka4 45. f6 b5 46. f7 Bg7
47. Ke7 b4 48. f8=Q Bxf8+ 49. Kxf8 b3 50. g6 b2 51. g7 b1=Q 52. g8=Q Qf1+ 53.
Qf7 Qh3 54. Qf4+ Kb5 55. Ke7 Kc5 56. Qd6+ Kc4 57. Qe6+ Kd3 58. Qxh3+ {Black
resigns} 1-0

[Event "FICS rated blitz game"]
[Site "FICS freechess.org"]
[Date "2018.01.22"]
[Round "?"]
[White "feroze"]
[Black "Gedonis"]
[Result "1-0"]
[WhiteElo "1443"]
[BlackElo "1399"]
[PlyCount "75"]
[EventDate "2018.??.??"]
[EventType "blitz"]

1. e4 e5 2. Nf3 Nc6 3. c3 Nf6 4. d4 exd4 5. e5 dxc3 6. exf6 Qxf6 7. Nxc3 Bb4 8.
Bd2 O-O 9. Be2 d6 10. Ne4 Bxd2+ 11. Qxd2 Qe7 12. Nc3 Re8 13. O-O Bg4 14. Rfe1
Qd7 15. Qf4 Bxf3 16. Bxf3 Rxe1+ 17. Rxe1 Re8 18. Rxe8+ Qxe8 19. Qe4 Ne5 20. Kf1
c6 21. Be2 Qe6 22. f4 Nd7 23. Qxe6 fxe6 24. Ne4 d5 25. Ng5 Nf8 26. Bg4 Ng6 27.
Bxe6+ Kf8 28. Nxh7+ Ke7 29. f5 Nf4 30. Ng5 g6 31. g4 gxf5 32. Bxf5 Kf6 33. h4
d4 34. Kf2 c5 35. Ne4+ Ke5 36. Nxc5 b6 37. Nd3+ Nxd3+ 38. Bxd3 {Black resigns}
1-0

[Event "FICS rated blitz game"]
[Site "FICS freechess.org"]
[Date "2018.01.22"]
[Round "?"]
[White "Fullball"]
[Black "MrScrumps"]
[Result "0-1"]
[WhiteElo "1160"]
[BlackElo "1256"]
[PlyCount "58"]
[EventDate "2018.??.??"]
[EventType "blitz"]

1. e4 e5 2. Nf3 Nc6 3. c3 Bc5 4. b4 Bb6 5. b5 Nce7 6. Nxe5 d6 7. Nf3 Nf6 8. d3
Bg4 9. Be2 O-O 10. h3 Bh5 11. Bg5 h6 12. Bxf6 gxf6 13. O-O f5 14. Nh4 Bxe2 15.
Qxe2 fxe4 16. Qxe4 Kg7 17. Nd2 Ng6 18. Nxg6 fxg6 19. d4 Qf6 20. Nf3 Rae8 21.
Qd3 c5 22. Rad1 Bc7 23. d5 Bd8 24. c4 Qf4 25. Rde1 Bf6 26. Re6 Rxe6 27. dxe6
Be5 28. Nxe5 Qxe5 29. Re1 Qxe1+ {White resigns} 0-1